Click-A-DiCaprio Quiz Stats

 Plays Quiz Updated Aug 9, 2018

Also try: Click-A-Cruise
Challenge
Share
Tweet
Score 0/20 Timer 05:00
9 Plays Today
% Correct
Hugh Glass
94%
Jay Gatsby
93.4%
Jordan Belfort
93%
Calvin Candie
90.5%
Jack Dawson
90.1%
Frank Abagnale, Jr.
88.1%
Jim Carroll
87.8%
Richard
86.5%
King Louis XIV
86%
J. Edgar Hoover
83.7%
% Correct
Amsterdam Vallon
83.6%
Billy Costigan
81.1%
Howard Hughes
80.5%
Arnie Grape
76.5%
Dom Cobb
72.5%
Danny Archer
72%
Toby Wolff
71.3%
Romeo Montague
70.9%
Teddy Daniels
68.8%
Frank Wheeler
64.1%

You're not logged in!

Compare scores with friends on all Sporcle quizzes.
Join for Free
OR
Log In

You Might Also Like...

Show Comments

Extras

Top Quizzes Today


Score Distribution

Your Account Isn't Verified!

In order to create a playlist on Sporcle, you need to verify the email address you used during registration. Go to your Sporcle Settings to finish the process.

Report this User

Report this user for behavior that violates our Community Guidelines.

Details: